| Tag |
First Indicator |
Second Indicator |
Subfields |
| LEADER |
00000cam a2200000I 4500 |
| 001 |
in00002014821 |
| 005 |
20151031155121.0 |
| 008 |
810220s1966 cs a 000 1 cze d |
| 035 |
|
|
|a (OCoLC)ocm07145485
|
| 040 |
|
|
|a CLE
|c CLE
|d IXA
|d TXA
|d UtOrBLW
|
| 049 |
|
|
|a TXAM
|
| 090 |
|
|
|a PG5038.P64
|b M8 1966
|
| 100 |
1 |
|
|a Poláček, Karel.
|
| 245 |
1 |
0 |
|a Vše pro firmu /
|c Illustr. Bohumil Štěpán.
|
| 264 |
|
1 |
|a [Hradec Králové] :
|b Východočeské nakladatelství,
|c [1966]
|
| 300 |
|
|
|a 162 pages :
|b illustrations, part color
|
| 336 |
|
|
|a text
|b txt
|2 rdacontent
|
| 337 |
|
|
|a unmediated
|b n
|2 rdamedia
|
| 338 |
|
|
|a volume
|b nc
|2 rdacarrier
|
| 500 |
|
|
|a A novel.
|
| 948 |
|
|
|a cataloged
|b h
|c 2005/1/3
|d c
|e spoltoratski
|f 10:54:01 am
|
| 994 |
|
|
|a E0
|b TXA
|
| 999 |
|
|
|a MARS
|
| 999 |
f |
f |
|s 9b81e23b-2ae8-3889-8850-7af56e19539f
|i 72d4fa35-83a6-3523-9cc2-82dde3aea1e7
|t 0
|
| 952 |
f |
f |
|p ric
|a Texas A&M University
|b Rellis Campus
|c Joint Library Facility
|d Remote Storage
|t 0
|e PG5038.P64 M8 1966
|h Library of Congress classification
|i unmediated -- volume
|m A14831591057
|
| 998 |
f |
f |
|a PG5038.P64 M8 1966
|t 0
|l Remote Storage
|